Tribology in machine design (Record no. 81439)

MARC details
000 -LEADER
fixed length control field 00782nam a2200193 a 4500
008 - FIXED-LENGTH DATA ELEMENTS--GENERAL INFORMATION
fixed length control field 070205s1990 ||||||||||||||||| || u
020 ## - INTERNATIONAL STANDARD BOOK NUMBER
International Standard Book Number 0750636238
050 ## - LIBRARY OF CONGRESS CALL NUMBER
Classification number TJ 1075 Sto
100 ## - MAIN ENTRY--PERSONAL NAME
Personal name Stolarski, T. A
245 10 - TITLE STATEMENT
Title Tribology in machine design
260 ## - PUBLICATION, DISTRIBUTION, ETC.
Place of publication, distribution, etc. Oxford
Name of publisher, distributor, etc. Butterworth-Heinmann
Date of publication, distribution, etc. 1990
300 ## - PHYSICAL DESCRIPTION
Extent x ; 298p. ;ill.
350 ## -
-- 0.00
650 #7 - SUBJECT ADDED ENTRY--TOPICAL TERM
Topical term or geographic name entry element TECHNOLOGY
Source of heading or term fast
650 ## - SUBJECT ADDED ENTRY--TOPICAL TERM
Topical term or geographic name entry element TRIBOLOGY
650 #0 - SUBJECT ADDED ENTRY--TOPICAL TERM
Topical term or geographic name entry element MACHINE DESIGN
995 ## -
-- MAIN LIBRARY OPEN ACCESS
-- 0.00
-- 737618
-- CBU-MAIN LIBRARY (Kitwe)
-- 1
-- 0.00
-- TJ 1075 Sto.
-- 1
-- AVAILABLE
-- Feb 5, 2007
-- 53049
-- Main Library Open Access Collection
995 ## -
-- MAIN LIBRARY OPEN ACCESS
-- 0.00
-- 739741
-- CBU-MAIN LIBRARY (Kitwe)
-- 1
-- 0.00
-- TJ 233 STO
-- 2
-- AVAILABLE
-- Apr 2, 2009
-- 739741
-- Main Library Open Access Collection
999 ## -
-- 81439
-- 81439
Holdings
Withdrawn status Lost status Source of classification or shelving scheme Damaged status Not for loan Permanent Location Current Location Shelving location Date acquired Total Checkouts Full call number Barcode Date last seen Copy number Price effective from Koha item type
          CBU-MAIN LIBRARY, KITWE. CBU-MAIN LIBRARY, KITWE.   08/18/2023   TJ 1075 Sto 53049 08/18/2023 1 08/18/2023 MONOGRAPH
          CBU-MAIN LIBRARY, KITWE. CBU-MAIN LIBRARY, KITWE.   08/18/2023   TJ 1075 Sto 739741 08/18/2023 2 08/18/2023 MONOGRAPH